Statistics for Countries With The Most Doctors Per Capita

Click here to take the quiz!

General Stats

  • This quiz has been taken 47 times
  • The average score is 8 of 15

Answer Stats

Doctors Per 10,000 PeopleCountry% Correct
42.8Norway
74%
48.3Austria
70%
71.7Monaco
70%
49.5Spain
70%
40.5Switzerland
70%
40Andorra
67%
51San Marino
67%
41Portugal
61%
67.2Cuba
59%
43Russia
54%
54Greece
50%
39.3Belarus
37%
77.4Qatar
35%
41.2Lithuania
28%
42.7Georgia
20%

Score Distribution

Percentile by Number Answered

Percent of People with Each Score

Your Score History

You have not taken this quiz